000 00571nam a22002177a 4500
003 UA-OsUOA
001 51958
007 ta
008 20080128b un ||||| |||| 00| 0 ukr d
090 _a82.09
_bТ28
942 _cBK
040 _aUA-OsUOA
_bukr
_cUA-OsUOA
_dUA-OsUOA
245 _aТворчий світ письменника
300 _a269 с.
955 _a3
041 _aukr
080 _a82.09
260 _aК.
_bРадянська школа
_c1982
650 7 _a82 Література. Літературознавство
_2UDC
999 _c338049
_d338049